000 01037nac a22003017a 4500
001 BR5600200
003 BR-BrBNA
005 20240105112925.0
008 230509b bl.|||m| |||| 00| 0 por d
040 _aBR-BrBNA
_bpor
_cBiblioteca Nacional de Agricultura
072 _aM10; L50
090 _a8140 BR5600200
100 1 _aPeixoto, J.T.
110 1 _aDepartamento Nacional de Obras Contra as Secas, Fortaleza, CE (Brasil)
245 1 _aContribuicao para o estudo do crescimento da corvina Plagioscion squamosissimus (Heckel, 1840)em cativeiro (Actinopoterygii sciaenidae)[peixe de agua doce, Brasil]
260 3 _aFortaleza, CE (Brasil):
_c1956.
300 _a11 p.
490 _aPublicacao. Serie I-C - Departamento Nacional de Obras Contra as Secas (Brazil)
_vno. 175
_x
500 _a5 ref.
650 _aCORVINA
650 _aPEIXE DE AGUA DOCE
650 _aCRIACAO
650 _aCRESCIMENTO
650 _aDESOVA
650 _aCEARA
909 _a202312
_bLúcia Elande
_c55
_dLúcia Elande
942 _2AGRIS
_n0
_cMS
999 _c260957
_d260957